Access 97 : unleashed

Αποθηκεύτηκε σε:
Λεπτομέρειες βιβλιογραφικής εγγραφής
Κύριος συγγραφέας: Gifford, Dwayne
Μορφή: Βιβλίο
Γλώσσα:English
Δημοσίευση: Indianapolis : SAMS, 1997
Έκδοση:2nd ed.
Θέματα:
Ετικέτες: Προσθήκη ετικέτας
Δεν υπάρχουν, Καταχωρήστε ετικέτα πρώτοι!

MARC

LEADER 00000cam a2200000 i 4500
001 1/58206
008 980522s1997 eng d
020 |a 0672309831 
035 |l 10028327 
040 |a GR-MY-UA  |b gre  |e aacr 
041 0 |a eng 
082 0 |a 005.7565 
100 1 |a Gifford, Dwayne. 
245 1 0 |a Access 97 :  |b unleashed /  |c Dwayne Gifford 
250 |a 2nd ed. 
260 |a Indianapolis :   |b SAMS,   |c 1997 
300 |a xxix, 1082 σ.  |e 1 οπτική δισκέτα λέϊζερ Η/Υ (4 3/4 ίν.) 
504 |a Περιλαμβάνει ευρετήριο 
630 0 0 |a Microsoft Access. 
650 0 0 |a Database management. 
852 |a INST  |b CHIOS  |e 19980522  |h 005.7565 GIF  |p 005200016457  |q 005200016457  |t BK  |y 0 
852 |a INST  |b CHIOS  |e 19981102  |h 005.7565 GIF   |p 005200014068  |q 005200014068  |t BK  |y 0 
901 |a BIBL-1998-2 
909 |a X  |b 054971 
909 |a Χ  |b 055632 
922 |a 2ΕΛΗ  |b 199804  |c ΤΔΕ  |d Παπασωτηρίου